ARRUPE JESUIT UNIVERSITY

CORONAVIRUS -STOP THE SPREAD - CLEAN,DISINFECT,COVER

The missing profiles and copresencing (Record no. 118993)

MARC details
000 -LEADER
fixed length control field 00557nam a22001457a 4500
008 - FIXED-LENGTH DATA ELEMENTS--GENERAL INFORMATION
fixed length control field 131203b xxu||||| |||| 00| 0 eng d
050 ## - LIBRARY OF CONGRESS CALL NUMBER
Classification number B3279.H94B876 2009
100 ## - MAIN ENTRY--PERSONAL NAME
Personal name Brossala Diddy, Kondjo
9 (RLIN) 4849
245 ## - TITLE STATEMENT
Title The missing profiles and copresencing
Remainder of title finding a horizon of mutuality and intersubjectivity for a democratic political society in Husserl's phenomenology
Statement of responsibility, etc Kondjo Diddy Brossala
260 ## - PUBLICATION, DISTRIBUTION, ETC. (IMPRINT)
Place of publication, distribution, etc ProQuest
Name of publisher, distributor, etc Ann Arbor
Date of publication, distribution, etc 2009
300 ## - PHYSICAL DESCRIPTION
Extent iv, 324p. ;
Dimensions 23cm.
500 ## - GENERAL NOTE
General note Thesis
600 ## - SUBJECT ADDED ENTRY--PERSONAL NAME
Personal name Husserl, Edmund
9 (RLIN) 4850
942 ## - ADDED ENTRY ELEMENTS (KOHA)
Source of classification or shelving scheme Library of Congress Classification
Item type Monograph ( Printed materials)
Koha issues (borrowed), all copies 1
Holdings
Withdrawn status Lost status Source of classification or shelving scheme Damaged status Not for loan Home library Current library Date acquired Total Checkouts Full call number Barcode Date last seen Date last borrowed Price effective from Koha item type
    Library of Congress Classification     ARRUPE LIBRARY ARRUPE LIBRARY 03/12/2013 1 B3279.H94B876 2009 46411637 02/01/2014 06/12/2013 03/12/2013 Monograph ( Printed materials)

 

Arrupe Library. PO Box MP320 Mt Pleasant, Harare, Zimbabwe
263 242 745411|librarian@aju.ac.zw